Auliyā-yi Lāhore : (Record no. 330804)
[ view plain ]
| 000 -LEADER | |
|---|---|
| fixed length control field | 01352cam a2200373 a 4500 |
| 001 - CONTROL NUMBER | |
| control field | 739277 |
| 003 - CONTROL NUMBER IDENTIFIER | |
| control field | NUST |
| 005 - DATE AND TIME OF LATEST TRANSACTION | |
| control field | 20200715154658.0 |
| 008 - FIXED-LENGTH DATA ELEMENTS--GENERAL INFORMATION | |
| fixed length control field | 990225s1994 pk 000 0curdo |
| 010 ## - LIBRARY OF CONGRESS CONTROL NUMBER | |
| LC control number | 98930298 |
| 020 ## - INTERNATIONAL STANDARD BOOK NUMBER | |
| International Standard Book Number | 9693504992 |
| 025 ## - OVERSEAS ACQUISITION NUMBER | |
| Overseas acquisition number | P-U-98930298; 04 |
| 038 ## - RECORD CONTENT LICENSOR | |
| Staff Name | Arshad |
| 040 ## - CATALOGING SOURCE | |
| Original cataloging agency | DLC |
| Transcribing agency | DLC |
| Modifying agency | DLC |
| 042 ## - AUTHENTICATION CODE | |
| Authentication code | lcode |
| 043 ## - GEOGRAPHIC AREA CODE | |
| Geographic area code | a-pk--- |
| 050 00 - LIBRARY OF CONGRESS CALL NUMBER | |
| Classification number | BP188.8.P3 |
| Item number | M35 1994 |
| 082 ## - DEWEY DECIMAL CLASSIFICATION NUMBER | |
| Classification number | 922.9742 |
| Author Mark | MAL |
| 100 1# - MAIN ENTRY--PERSONAL NAME | |
| Personal name | Malik, Muḥammad Lat̤īf. |
| 9 (RLIN) | 3845 |
| 245 10 - TITLE STATEMENT | |
| Title | Auliyā-yi Lāhore : |
| Remainder of title | yaʻnī, Madīnatulauliyā-yi Lāhore ke taqrīban 60 mumtāz ... / |
| Statement of responsibility, etc. | muʼallifah va murattibah, Muḥammad Lat̤īf Malik. |
| 250 ## - EDITION STATEMENT | |
| Edition statement | [2nd ed.] |
| 260 ## - PUBLICATION, DISTRIBUTION, ETC. | |
| Place of publication, distribution, etc. | Lāhore : |
| Name of publisher, distributor, etc. | Sang-i Mīl Pablīkeshanz, |
| Date of publication, distribution, etc. | 1994. |
| 300 ## - PHYSICAL DESCRIPTION | |
| Extent | 240 p. ; |
| Dimensions | 22 cm. |
| 504 ## - BIBLIOGRAPHY, ETC. NOTE | |
| Bibliography, etc. note | Includes bibliographical references. |
| 520 ## - SUMMARY, ETC. | |
| Summary, etc. | Biographical sketches of Muslim saints from Lahore, Pakistan. |
| 546 ## - LANGUAGE NOTE | |
| Language note | In Urdu. |
| 650 #0 - SUBJECT ADDED ENTRY--TOPICAL TERM | |
| Topical term or geographic name entry element | Muslim saints |
| Geographic subdivision | Pakistan |
| -- | Lahore |
| Form subdivision | Biography. |
| 9 (RLIN) | 3846 |
| 880 ## - ALTERNATE GRAPHIC REPRESENTATION | |
| Linkage | 100-01\(3\r |
| Title | محمد لطیف ملک |
| 880 ## - ALTERNATE GRAPHIC REPRESENTATION | |
| Linkage | 245-02\(3\r |
| Title | اولیائے لاہور |
| c | محمد لطیف ملک |
| 880 ## - ALTERNATE GRAPHIC REPRESENTATION | |
| Linkage | 260-03\(3\r |
| Title | لاہور: |
| b | سنگ میل پبلی کیشنز، |
| c | 2005 |
| 906 ## - LOCAL DATA ELEMENT F, LDF (RLIN) | |
| a | 7 |
| b | cbc |
| c | origode |
| d | 3 |
| e | ncip |
| f | 19 |
| g | y-gencatlg |
| 942 ## - ADDED ENTRY ELEMENTS (KOHA) | |
| Source of classification or shelving scheme | |
| Koha item type | Book |
| Withdrawn status | Lost status | Source of classification or shelving scheme | Damaged status | Not for loan | Permanent Location | Current Location | Shelving location | Date acquired | Total Checkouts | Full call number | Barcode | Date last seen | Copy number | Price effective from | Koha item type |
|---|---|---|---|---|---|---|---|---|---|---|---|---|---|---|---|
| Central Library (CL) | Central Library (CL) | Biographies | 08/08/2017 | 922.9742 MAL | CL2830 | 04/19/2022 | 1 | 08/08/2017 | Book |
